Hugh Jackman Movies - Statistics

General Stats
  • This quiz has been taken 183 times
    121 since last reset
  • The average score is 23 of 58
Answer Stats
Year Movie % Correct
2016 Deadpool
99%
2018 Deadpool 2
99%
2017 Logan
99%
2018 Once Upon a Deadpool
99%
2013 The Wolverine
99%
2009 X-Men Origins: Wolverine
99%
2020 The New Mutants
97%
2003 X-2: X-Men United
97%
2000 X-Men
97%
2016 X-Men: Apocalypse
97%
2014 X-Men: Days Of Future Past
97%
2011 X-Men:First Class
97%
2006 X-Men: The Last Stand
97%
{2017} The Greatest Showman
88%
{TBD} The Greatest Showman 2
88%
2024 Deadpool and Wolverine
83%
{2012} Les Miserables
51%
2011 Real Steel
43%
2006 The Prestige
42%
2008 Australia
40%
2001 Swordfish
38%
(2006) Flushed Away
33%
2001 Kate And Leopold
33%
2004 Van Helsing
33%
2013 Prisoners
32%
2021 Free Guy
29%
{(2006)} Happy Feet
29%
(2012) Rise Of The Guardians
29%
2022 The Son
29%
{1999} Oklahoma
26%
2019 Bad Education
24%
2001 Someone Like You
24%
2013 Movie 43
22%
{2015} Pan
22%
2015 CHAPPIE
19%
2008 Deception
19%
2015 Eddie The Eagle
19%
2014 Night At The Museum: Secret Of The Tomb
19%
2006 Scoop
19%
(2019) Missing Link
18%
2011 Butter
17%
1999 Paperback Hero
17%
2006 The Fountain
17%
2018 The Front Runner
14%
2021 Reminiscence
13%
1999 Erskineville Kings
7%
2015 Me And Earl And The Dying Girl
7%
2011 Snow Flower And The Secret Fan
7%
2005 Stories of Lost Souls
7%
TBD Carousel
4%
2005 Fantastic Four
3%
TBD Apostle Paul
1%
2011 Drive
1%
2003 Grand Theft Parsons
1%
TBD The Absolutely True Diary of A Part-Time Indian
1%
TBD The Good Spy
1%
TBD The Odyssey
1%
1998 Profile of a Serial Killer
0%
No matching quizzes found
Score Distribution
Percent of People with Each Score
Percentile by Number Answered
Your Score History
You have not taken this quiz since the last reset